[Event "CAN-ch U14"]
[Site "Ottawa"]
[Date "2007.07.05"]
[Round "5"]
[White "Rakov, Pavel"]
[Black "Labrador, Jhoyner"]
[Result "1-0"]
[WhiteElo "1892"]
[BlackElo "1533"]
[PlyCount "59"]
[EventDate "2007.07.03"]
[EventType "swiss"]
[EventRounds "7"]
[EventCountry "CAN"]
[SourceTitle "EXT 2022"]
[Source "ChessBase"]
[SourceDate "2021.10.06"]
[SourceVersion "1"]
[SourceVersionDate "2021.10.06"]
[SourceQuality "1"]

1. e4 c5 2. Nf3 d6 3. d4 cxd4 4. Nxd4 Nf6 5. Nc3 a6 6. Bg5 e6 7. f4 Be7 8. Qf3 Nc6 9. Nxc6 bxc6 10. 0-0-0 Qc7 11. e5 Nd5 12. Bxe7 Qxe7 13. Nxd5 cxd5 14. Bd3 Bb7 15. Rhf1 Kd7 16. exd6 Qxd6 17. f5 e5 18. Bc4 Ke7 19. Bxd5 Bxd5 20. Rxd5 Qc7 21. f6+ Ke6 22. fxg7 Rhc8 23. c3 Rcb8 24. Rfd1 Rd8 25. Rxd8 Rxd8 26. Rxd8 Qxd8 27. Qg4+ Kd5 28. Qd1+ Ke4 29. Qxd8 f5 30. g8Q 1-0

[Event "CAN-ch U14"]
[Site "Ottawa"]
[Date "2007.07.03"]
[Round "2"]
[White "Hum, Jeffrey"]
[Black "Labrador, Jhoyner"]
[Result "0-1"]
[WhiteElo "1127"]
[BlackElo "1533"]
[PlyCount "66"]
[EventDate "2007.07.03"]
[EventType "swiss"]
[EventRounds "7"]
[EventCountry "CAN"]
[SourceTitle "EXT 2022"]
[Source "ChessBase"]
[SourceDate "2021.10.06"]
[SourceVersion "1"]
[SourceVersionDate "2021.10.06"]
[SourceQuality "1"]

1. e4 c5 2. Bc4 d6 3. Nf3 Bg4 4. 0-0 Nf6 5. h3 Bh5 6. Nc3 e6 7. Be2 Bg6 8. e5 Nd5 9. Nxd5 exd5 10. c4 d4 11. d3 Be7 12. Nh2 dxe5 13. Bf3 Qc7 14. Qb3 Nc6 15. Ng4 f5 16. Nh2 e4 17. Be2 0-0 18. g3 Bd6 19. dxe4 fxe4 20. Bd1 d3 21. Qc3 Be5 22. Qa3 Bd4 23. Be3 Bxe3 24. fxe3 Qxg3+ 25. Kh1 Rxf1+ 26. Nxf1 Qxh3+ 27. Kg1 Rf8 28. Nd2 Qxe3+ 29. Kh1 Qe1+ 30. Kg2 Qxd2+ 31. Kg1 Qe3+ 32. Kg2 Rf2+ 33. Kg1 Qe1# 0-1